Statistics for Fantasy Quiz

Click here to take the quiz!

General Stats

  • This quiz has been taken 11 times
  • The average score is 8 of 21

Answer Stats

QuestionAnswer% Correct
In the Chronicles of Narnia book The Voyage of the Dawn Treader, what is the Dawn Treader?A ship
90%
Viktor Krum, from the Harry Potter series, comes from which country?Bulgaria
80%
Discworld is a flat planet. It flies through space on the backs of four elephants, which in turn stand on the back of which giant animal?Turtle
80%
Which school does the above go to?Durmstrang Institute
70%
Free Cities in A Song of Ice and Fire/Game of ThronesBraavos
60%
Which arctic creature features prominently in His Dark Materials?Polar bears
60%
Free Cities in A Song of Ice and Fire/Game of ThronesMyr
40%
In the Earthsea Cycle, one of the main characters is a wizard called Ged. However, he is usually called a name shared by a species of bird. Which bird is this?Sparrowhawk
40%
Which race of men in Tolkien's legendarium ride Mûmakil?Haradrim
30%
Free Cities in A Song of Ice and Fire/Game of ThronesLorath
30%
Free Cities in A Song of Ice and Fire/Game of ThronesLys
30%
Free Cities in A Song of Ice and Fire/Game of ThronesNorvos
30%
Free Cities in A Song of Ice and Fire/Game of ThronesPentos
30%
Free Cities in A Song of Ice and Fire/Game of ThronesQohor
30%
Free Cities in A Song of Ice and Fire/Game of ThronesTyrosh
30%
Free Cities in A Song of Ice and Fire/Game of ThronesVolantis
30%
Which type of elf can be found in the Summerset Isles in the Elder Scrolls franchise?Altmer
20%
What is the name of the disabled torturer from the First Law trilogy?Sand dan Glokta
20%
Name the winter capital of Kovir in the Witcher series, which has a name similar to an English city.Lan {Exeter}
0%
Which Legend of Zelda game is first chronologically (according to the series' timeline)?Skyward Sword
0%
What shape, coloured green, sits in the centre of the flag of Oz?Star
0%

Score Distribution

Percentile by Number Answered

Percent of People with Each Score

Your Score History

You have not taken this quiz